Estadísticas para Capitales de Provincias Argentinas

Haz click aquí para tomar la prueba!

Estadísticas generales

  • Esta prueba ha sido tomada 273 veces
  • La puntuación promedio es 18 de 23

Estadísticas de respuestas

ProvincesCapital City% Correcto
CórdobaCórdoba
93%
Buenos AiresLa Plata
93%
CatamarcaSan Fernando del Valle de Catamarca
92%
JujuySan Salvador de Jujuy
89%
MendozaMendoza
88%
San LuísSan Luís
86%
SaltaSalta
85%
CorrientesCorrientes
84%
FormosaFormosa
84%
NeuquénNeuquén
84%
San JuánSan Juán
84%
La RiojaLa Rioja
83%
Santa FeSanta Fe
81%
TucumánSan Miguel de Tucumán
78%
ChacoResistencia
77%
Santiago del EsteroSantiago del Estero
76%
ChubutRawson
75%
Entre RíosParaná
74%
MisionesPosadas
74%
La PampaSanta Rosa
73%
Tierra del FuegoUshuaia
71%
Rio NegroViedma
62%
Santa CruzRio Gallegos
61%

Distribución de puntuación

Porcentaje por número respondido

Porcentaje de gente con cada puntuación

Historial de tus puntuaciones

No has tomado esta prueba